Hong Kong Law Articles in English

Detalles Bibliográficos
Formato: Revista
Lenguaje:inglés
Publicado: [s.l] : Mondaq, 2001 -
Materias:
Acceso en línea:Acceso restringido

MARC

LEADER 00000nas a22000007a 4500
005 20111124145616.0
007 cr|||| ||||
008 111124c20119999cc zr|pss|||| 0|||a1eng d
035 |a 1908 
040 |a vLex 
090 |c 2795  |d 2795 
245 0 0 |a Hong Kong Law Articles in English  |h [Recurso electrn̤ico]  
256 |a Servicio en ln̕ea 
260 |a [s.l] :  |b Mondaq,  |c 2001 - 
300 |a 1 recurso electrn̤ico 
310 |a Irregular 
506 1 |a Contenido solo disponible en los productos indicados  |d vLex Global   |d vLex Global (Academic Edition, excluding Law Schools)   |d vLex Global (U.S. Academic Edition, Law Schools)   |d vLex Global (U.S. Academic Edition, excluding Law Schools)   |d vLex Global (Academic Edition, Law Schools)  
650 0 4 |a Derecho   |v Revistas   |z China 
740 0 |a vLex Revistas (Servicio en ln̕ea) 
856 4 0 |u http://vlex.com/source/hong-kong-law-articles-1908  |z Acceso restringido 
942 |c REV